000 00434nam a22001697a 4500
005 20230516133357.0
008 230516b ||||| |||| 00| 0 eng d
040 _cAL
041 _aEnglish
082 _223
_a541/1
_bSUBG
100 _aK Subbabhatta
_9105214
245 _aGeneral Chemistry
260 _aBangalore
_bN S Vasan and Co
_c1963
650 _aChemistry
_9105215
700 _aSUBBABHATTA (K)
_9105216
942 _2ddc
_cBB
999 _c227312
_d227312